| 000 | 01015nam a22001935i 4500 | ||
|---|---|---|---|
| 001 | 165453 | ||
| 003 | ES-MaACL | ||
| 005 | 20230906213135.0 | ||
| 008 | 020128s1859 sp |||| | spa d | ||
| 040 |
_aCAM _bspa _cCAM |
||
| 100 | 1 |
_aSobrado, Pedro Niceto de. _9132790 |
|
| 245 | 1 | 3 |
_aEl zuavo _b: juguete lírico-dramático vascongado en un acto, en verso / _coriginal de Pedro Niceto de Sobrado ; musica de Cristobal Oudrid. |
| 260 |
_aMadrid : _b[s.n.], _c1859 ( _fImprenta de José Rodriguez) |
||
| 300 |
_a41 p. ; _c20 cm. |
||
| 500 | _aEn port.: Representado en el teatro del Circo la noche del 28 de junio de 1859. | ||
| 596 | _aEn verso de la port. consta: "Los comisionados de Alonso Gullon editor de la coleccion de obras dramáticas y liricas titulada El Teatro ..." | ||
| 700 | 0 |
_aOudrid, Cristóbal. _987969 |
|
| 852 |
_aES-MaACL _jF-8582(8) _z-- Enc. pasta española _q-- Falto de la cub. original _z-- Enc. en un vol. facticio formando parte de la col. facticia "Teatro español moderno", vol. 35 |
||
| 999 |
_c165453 _d165453 |
||